| Tag |
First Indicator |
Second Indicator |
Subfields |
| LEADER |
00000cem a2200000Ia 4500 |
| 001 |
in00000868356 |
| 005 |
20211213162218.0 |
| 007 |
ar canzn |
| 008 |
870811s1987 vaub cc a f 1 eng d |
| 035 |
|
|
|a (OCoLC)ocm16510342
|
| 035 |
|
|
|9 AEG6889AM
|
| 040 |
|
|
|a GIS
|b eng
|c GIS
|d GPO
|d SPI
|d OCL
|d OCLCQ
|d MTG
|d WAU
|d NRU
|d OCLCA
|d OCLCQ
|d OCLCF
|d OCLCO
|d OCLCQ
|d OCLCO
|d OCL
|d WVU
|d OCLCO
|d OCL
|d FQG
|d WYU
|d OCLCQ
|d LHL
|d OCLCO
|d BUF
|d OCLCO
|
| 034 |
1 |
|
|a a
|b 5000000
|
| 035 |
|
|
|a (OCoLC)16510342
|
| 043 |
|
|
|a zju----
|
| 050 |
1 |
4 |
|a G3700 svar
|b .G438 I-1818
|
| 052 |
|
|
|a 3182
|b J8
|
| 074 |
|
|
|a 619-G-8
|
| 082 |
0 |
4 |
|a 557.3
|b I 19.91 no. I-1818
|
| 086 |
0 |
|
|a I 19.91:I-1818 (Jg-5)
|
| 086 |
0 |
|
|a I 19.91:I-1818
|
| 049 |
|
|
|a TXAM
|
| 110 |
2 |
|
|a Geological Survey (U.S.)
|
| 245 |
1 |
0 |
|a Atlas of Jovian satellites, 1:5,000,000 topographic series.
|n Jg 5M 44/315, Jg-5, Shaded relief and surface markings of the Nun Sulci quadrangle of Ganymede /
|c Department of the Interior, U.S. Geological Survey ; prepared for the National Aeronautics and Space Administration.
|
| 246 |
3 |
0 |
|a Shaded relief and surface markings of the Nun Sulci quadrangle of Ganymede
|
| 255 |
|
|
|a Scale 1:5,000,000 (1 mm = 5 km) at 30° and 58° lat. ;
|b Lambert conformal projection.
|
| 260 |
|
|
|a Reston, Va. :
|b The Survey ;
|a Denver, CO :
|b For sale by Map Distribution,
|c 1987.
|
| 300 |
|
|
|a 2 remote-sensing images ;
|c on sheets 65 x 84 cm and 76 x 84 cm, folded in envelope 30 x 24 cm
|
| 336 |
|
|
|a cartographic image
|b cri
|2 rdacontent
|
| 337 |
|
|
|a unmediated
|b n
|2 rdamedia
|
| 338 |
|
|
|a sheet
|b nb
|2 rdacarrier
|
| 490 |
1 |
|
|a Miscellaneous investigations series ;
|v map MF-1818
|
| 500 |
|
|
|a Relief shown by shading.
|
| 500 |
|
|
|a "Prepared on behalf of the Planetary Geology and Geophysics Program, Planetary Division, Office of Space Science and Applications, National Aeronautics and Space Administration, under contract W-15,814."
|
| 500 |
|
|
|a Sheet 2 is Airbrush base for the Nun Sulci quadrangle of Ganymede.
|
| 500 |
|
|
|a Coordinates shown as: W 360°--E 270°/N 66°--S 21°).
|
| 504 |
|
|
|a Includes text, bibliography, index of mapping sources, and quadrangle location map.
|
| 651 |
|
0 |
|a Ganymede (Satellite)
|v Maps.
|
| 651 |
|
7 |
|a Jupiter (Planet)
|z Ganymede (Satellite)
|2 fast
|0 (OCoLC)fst01710154
|
| 655 |
|
0 |
|a Remote-sensing maps.
|
| 655 |
|
7 |
|a Maps.
|2 fast
|0 (OCoLC)fst01423704
|
| 655 |
|
7 |
|a Remote-sensing maps.
|2 fast
|0 (OCoLC)fst01423695
|
| 655 |
|
7 |
|a Remote-sensing maps.
|2 lcgft
|
| 710 |
1 |
|
|a United States.
|b National Aeronautics and Space Administration.
|
| 710 |
2 |
|
|a Planetary Geology and Geophysics Program (U.S.)
|
| 740 |
0 |
2 |
|a Airbrush base for the Nun Sulci quadrangle of Ganymede.
|
| 830 |
|
0 |
|a Miscellaneous investigations series (Geological Survey (U.S.)) ;
|v I-1818 (Jg-5)
|
| 994 |
|
|
|a C0
|b TXA
|
| 999 |
f |
f |
|s d4fd3f3b-b37a-3875-931b-79da4dd606db
|i e93a0d12-5d8d-3725-9eec-0c1bbb98cc56
|t 0
|
| 952 |
f |
f |
|p normal
|a Texas A&M University
|b College Station
|c Sterling C. Evans Library
|d Evans: Maps File (2nd floor)
|t 0
|e I 19.91:I-1818
|h Superintendent of Documents classification
|i unmediated -- sheet
|m A14818103160
|
| 998 |
f |
f |
|a I 19.91:I-1818
|t 0
|l Evans: Maps File (2nd floor)
|